[Event "107th YMCA Spring A"]
[Site "Warszawa"]
[Date "2012.06.15"]
[Round "10"]
[White "Zurkowski, Andrzej"]
[Black "Jarmula, Lukasz"]
[Result "0-1"]
[WhiteElo "2021"]
[BlackElo "2013"]
[PlyCount "66"]
[EventDate "2012.04.13"]
[EventType "tourn"]
[EventRounds "1"]
[EventCountry "POL"]
[SourceDate "2012.04.11"]

1. g3 Nf6 2. Bg2 g6 3. e4 d6 4. Ne2 Bg7 5. O-O O-O 6. d3 c5 7. h3 Nc6 8. Nbc3
Rb8 9. Be3 b5 10. f4 b4 11. Nd5 Nd7 12. d4 e6 13. dxc5 dxc5 14. e5 exd5 15.
Bxd5 Ne7 16. Bb3 Qc7 17. e6 Nb6 18. exf7+ Kh8 19. f5 Nxf5 20. Bf4 Be5 21. g4
Nd4 22. Bh6 Bh2+ 23. Kf2 Nxe2 24. Bxf8 Qf4+ 25. Kxe2 Ba6+ 26. Qd3 Bxd3+ 27.
cxd3 Qe5+ 28. Kd1 Rxf8 29. Re1 Qxb2 30. Rc1 Bf4 31. Rc2 Qd4 32. Re8 Qxd3+ 33.
Ke1 Bg3+ 0-1

[Event "107th YMCA Spring A"]
[Site "Warszawa"]
[Date "2012.04.27"]
[Round "11"]
[White "Moskwinski, Tadeusz"]
[Black "Choroszej, Aleksander"]
[Result "1-0"]
[WhiteElo "2127"]
[BlackElo "2070"]
[PlyCount "69"]
[EventDate "2012.04.13"]
[EventType "tourn"]
[EventRounds "1"]
[EventCountry "POL"]
[SourceDate "2012.04.11"]

1. e4 g6 2. d4 Bg7 3. Nc3 d6 4. Bg5 Nd7 5. Qd2 c5 6. d5 a6 7. a4 Qa5 8. Ra3 h6
9. Be3 Ne5 10. h3 f5 11. f4 Nf7 12. exf5 gxf5 13. Nf3 Nf6 14. Bb5+ Nd7 15. Bd3
Nb6 16. Be2 O-O 17. O-O e6 18. dxe6 Bxe6 19. g4 fxg4 20. hxg4 Bxg4 21. Rf2 Rfe8
22. Rb3 Be6 23. Ra3 Bc4 24. Rg2 Bxe2 25. Qxe2 Kh8 26. Qd3 Rg8 27. Nh4 Bxc3 28.
Ng6+ Rxg6 29. Qxg6 Bxb2 30. c3 Bxc3 31. Qxf7 Bb2 32. Bd2 Qxd2 33. Rxd2 Rg8+ 34.
Kh1 Bxa3 35. Rh2 1-0

[Event "107th YMCA Spring A"]
[Site "Warszawa"]
[Date "2012.06.21"]
[Round "11"]
[White "Sawicki, Mikolaj"]
[Black "Zaczek, Jonathon"]
[Result "1/2-1/2"]
[WhiteElo "2018"]
[BlackElo "2126"]
[Annotator "Admin"]
[PlyCount "39"]
[EventDate "2012.04.13"]
[EventType "tourn"]
[EventRounds "1"]
[EventCountry "POL"]
[SourceDate "2012.04.11"]

1. e4 c5 2. Nf3 d6 3. d4 cxd4 4. Nxd4 Nf6 5. Nc3 a6 6. Bc4 e6 7. Bb3 b5 8. O-O
Be7 9. Qf3 Qc7 10. Qg3 O-O 11. Bh6 Ne8 12. Rad1 Bd7 13. Kh1 Nc6 14. Nxc6 Bxc6
15. a3 Kh8 16. Bg5 Bxg5 17. Qxg5 Nf6 18. f3 Rad8 19. Qf4 Rd7 20. Rd3 $11
1/2-1/2

[Event "107th YMCA Spring A"]
[Site "Warszawa"]
[Date "2012.06.22"]
[Round "11"]
[White "Goslawski, Michal"]
[Black "Cajbel, Maciej"]
[Result "1/2-1/2"]
[WhiteElo "2067"]
[BlackElo "2222"]
[Annotator "Admin"]
[PlyCount "88"]
[EventDate "2012.04.13"]
[EventType "tourn"]
[EventRounds "1"]
[EventCountry "POL"]
[SourceDate "2012.04.11"]

1. e4 c5 2. Nf3 Nc6 3. Bb5 g6 4. Bxc6 dxc6 5. h3 Bg7 6. d3 e5 7. O-O Qe7 8. Be3
Nf6 9. Nc3 Nd7 10. Nh2 Nf8 11. Ne2 Ne6 12. c3 O-O 13. f4 exf4 14. Nxf4 Nxf4 15.
Bxf4 c4 16. Re1 cxd3 17. Qxd3 Rd8 18. Qe3 Re8 19. Nf3 b6 20. e5 Bb7 21. Rad1 c5
22. Rd6 Rac8 23. Red1 Bc6 24. Bg5 Qb7 25. e6 fxe6 26. Rxe6 Qf7 27. Re1 Rxe6 28.
Qxe6 Qxe6 29. Rxe6 h6 30. Bh4 g5 31. Bg3 Bd5 32. Re7 a5 33. Be5 Bf8 34. Ra7 Re8
35. Bc7 Re2 36. Bxb6 Rxb2 37. Bxa5 Rxa2 38. Bb6 Rc2 39. Rd7 Bxf3 40. gxf3 Rxc3
41. Kg2 Bg7 42. Kg3 h5 43. Rd5 Bf6 44. Rxc5 Rxc5 $11 1/2-1/2